Network analysis for planning and scheduling (Record no. 78755)

MARC details
000 -LEADER
fixed length control field 00671nam a2200157 a 4500
008 - FIXED-LENGTH DATA ELEMENTS--GENERAL INFORMATION
fixed length control field 120416s1970 ||||||||||||||||| || u
050 ## - LIBRARY OF CONGRESS CALL NUMBER
Classification number T 57.85 Bat
100 ## - MAIN ENTRY--PERSONAL NAME
Personal name Battersby, Albert
245 10 - TITLE STATEMENT
Title Network analysis for planning and scheduling
250 ## - EDITION STATEMENT
Edition statement 3rd ed.
260 ## - PUBLICATION, DISTRIBUTION, ETC.
Place of publication, distribution, etc. London
Name of publisher, distributor, etc. Macmillan
Date of publication, distribution, etc. 1970
300 ## - PHYSICAL DESCRIPTION
Extent ix, 332p. : ill.
350 ## -
-- 0.00
995 ## -
-- ANNEX COLLECTION (Main Library)
-- 0.00
-- 717406
-- CBU-MAIN LIBRARY (Kitwe)
-- 1
-- 3.75
-- T 57.85 Bat
-- 1
-- AVAILABLE
-- 014379
-- Annex Low-Usage Collection
995 ## -
-- ANNEX COLLECTION (Main Library)
-- 0.00
-- 717407
-- CBU-MAIN LIBRARY (Kitwe)
-- 2
-- 3.75
-- T 57.85 Bat
-- 2
-- AVAILABLE
-- 014380
-- Annex Low-Usage Collection
999 ## -
-- 78755
-- 78755
Holdings
Withdrawn status Lost status Source of classification or shelving scheme Damaged status Not for loan Permanent Location Current Location Shelving location Date acquired Total Checkouts Full call number Barcode Date last seen Copy number Price effective from Koha item type
          CBU-MAIN LIBRARY, KITWE. CBU-MAIN LIBRARY, KITWE.   06/06/2023   T 57.85 Bat 014379 06/06/2023 1 06/06/2023 MONOGRAPH
          CBU-MAIN LIBRARY, KITWE. CBU-MAIN LIBRARY, KITWE.   06/06/2023   T 57.85 Bat 014380 06/06/2023 2 06/06/2023 MONOGRAPH